Central Library OPAC University of Rajshahi

The Roman revolution / (Record no. 24528)

MARC details
000 -LEADER
fixed length control field 01223cam a22003371i 4500
001 - CONTROL NUMBER
control field 24528
003 - CONTROL NUMBER IDENTIFIER
rucl marc code BD-RjUL
005 - DATE AND TIME OF LATEST TRANSACTION
control field 20211209001049.0
008 - FIXED-LENGTH DATA ELEMENTS--GENERAL INFORMATION
fixed length control field 140313r19661960enkj b 001 0 eng d
020 ## - INTERNATIONAL STANDARD BOOK NUMBER
International Standard Book Number 0198810016
035 ## - SYSTEM CONTROL NUMBER
System control number (BD-RjUL)24595
System control number (OCoLC)3031599
040 ## - CATALOGING SOURCE
Original cataloging agency DLC
Transcribing agency InU
Modifying agency OCoLC
-- ICIU
-- Uk
-- MoSpDC
-- OrPPC
-- DLC
-- BD-RjUL
Language of cataloging eng
041 ## - LANGUAGE CODE
Language code of text/sound track or separate title eng
082 00 - DEWEY DECIMAL CLASSIFICATION NUMBER
Classification number 937
Author mark and year SYR 1966
100 1# - MAIN ENTRY--PERSONAL NAME
Personal name Syme, Ronald,
Dates associated with a name 1903-1989.
9 (RLIN) 67436
245 14 - TITLE STATEMENT
Title The Roman revolution /
Statement of responsibility, etc. by Ronald Syme.
260 ## - PUBLICATION, DISTRIBUTION, ETC. (IMPRINT)
Place of publication, distribution, etc. London ;
-- New York :
Name of publisher, distributor, etc. Oxford University Press,
Date of publication, distribution, etc. 1960. [Reprinted 1966]
300 ## - PHYSICAL DESCRIPTION
Pagination xi, 568 p. :
Illustrations geneal. tables ;
Size 20 cm.
490 0# - SERIES STATEMENT
Series statement Oxford paperbacks
500 ## - GENERAL NOTE
General note First published 1939.
General note Includes index.
504 ## - BIBLIOGRAPHY, ETC. NOTE
Bibliography, etc Bibliography: p. [530]-534.
651 #0 - SUBJECT ADDED ENTRY--GEOGRAPHIC NAME
Geographic name Rome
General subdivision Politics and government
Chronological subdivision 265-30 B.C.
9 (RLIN) 75500
Geographic name Rome
General subdivision Politics and government
Chronological subdivision 30 B.C.-68 A.D.
9 (RLIN) 75501
856 42 - ELECTRONIC LOCATION AND ACCESS
Materials specified Publisher description
Uniform Resource Identifier <a href="http://www.loc.gov/catdir/enhancements/fy0638/60051198-d.html">http://www.loc.gov/catdir/enhancements/fy0638/60051198-d.html</a>
Materials specified Contributor biographical information
Uniform Resource Identifier <a href="http://www.loc.gov/catdir/enhancements/fy0724/60051198-b.html">http://www.loc.gov/catdir/enhancements/fy0724/60051198-b.html</a>
942 ## - ADDED ENTRY ELEMENTS (KOHA)
Source of classification or shelving scheme Dewey Decimal Classification
Koha item type Books
Holdings
Lost status Source of classification or shelving scheme Damaged status Not for loan Collection code Permanent Location Current Location Shelving location Date acquired Source of acquisition Cost, normal purchase price Total Checkouts Full call number Date last seen Copy number Koha item type
  Dewey Decimal Classification     Non-fiction Central Library, University of Rajshahi Central Library, University of Rajshahi   15/05/1974 Oxford University Press 19.50   937 SYR 1966 13/03/2014 C-2 Books
  Dewey Decimal Classification   Added to bundle Non-fiction Central Library, University of Rajshahi Central Library, University of Rajshahi Reading Room 21/06/1955 O.U.P. 28.20   937 SYR 1952 25/03/2014 C-1 Books